000 00863nam a2200217 a 4500
001 000037959
005 20201002031137.0
008 130311s1988 dr 000 0 spa d
040 _aDO-SdBNP
_bspa
_cBNPHU
100 1 _aHernández Castillo, Ángel
_917443
245 1 0 _aIntroducción a las ciencias de la educación /
_cÁngel Hernández Castillo ; prólogo Amarilis de Zapata.
260 _aSanto Domingo :
_bUniversidad Autónoma de Santo Domingo,
_c1988.
300 _a286 p. ;
_c21 cm.
490 1 _aUniversidad Autónoma de Santo Domingo
_vv. 578
490 1 _aEducación y Sociedad
_vno. 34
500 _aIncluye notas al pie de las páginas
504 _aBbiliografía : p. 273-286
700 1 _aZapata, Amarilis de,
_epról.
_936526
830 0 _aUniversidad Autónoma de Santo Domingo
_vv. 578
_917164
830 0 _aEducación y Sociedad
_nno. 34
_964370
999 _c37449
_d37449